LEADER 01360nam0 22003011i 450 001 UON00042990 005 20231205102154.250 100 $a20020107d1980 |0itac50 ba 101 $ager 102 $aCH 105 $a|||| 1|||| 200 1 $aGenien und krieger aus Nimrud neuassyrische reliefs Assurnasirpals 2. und Tiglat-Pilesars 3. / Julia M. Asher-Greve , Gebhard J. Selz 210 $aZurich$cUniversitat Zurich$d1980 215 $a61 p., 17 p. di tav.$d22 cm 410 1$1001UON00042989$12001 $aZurcher archaologische$v4 606 $aSCULTURA ASSIRA$xNIMRUD$3UONC012808$2FI 606 $aICONOGRAFIA ASSIRA$xASHURNASIRPAL II$3UONC014737$2FI 606 $aICONOGRAFIA ASSIRA$xTIGLATH PILESER III$3UONC014738$2FI 620 $aCH$dZürich$3UONL003145 686 $aMES IX C$cMESOPOTAMIA - ARTI - SCULTURA$2A 700 1$aASHER-GREVE$bJulia M.$3UONV024484$0647322 701 1$aSELZ$bGebhard J.$3UONV027287$0648537 801 $aIT$bSOL$c20240220$gRICA 899 $aSIBA - SISTEMA BIBLIOTECARIO DI ATENEO$2UONSI 912 $aUON00042990 950 $aSIBA - SISTEMA BIBLIOTECARIO DI ATENEO$dSI MES IX C 013 $eSI SA 34901 6 013 996 $aGenien und krieger aus Nimrud neuassyrische reliefs Assurnasirpals 2. und Tiglat-Pilesars 3.$93895511 997 $aUNIOR